| 000 | 00373cam a2200157ua 4500 | ||
|---|---|---|---|
| 041 | 0 | _amal | |
| 082 |
_a894.812 2 _bBHA/SA |
||
| 100 | _aBhasi, Thoppil. | ||
| 245 |
_aSarssayya / _cThoppil bhasi. _hTextual Documents |
||
| 260 |
_aKollam : _bAzad Printers , _c1958. |
||
| 300 | _a223 ; . | ||
| 504 | _a | ||
| 650 | _aDrama - Malayalam | ||
| 942 | _cBK | ||
| 999 |
_c573 _d573 |
||